[Event "Banska Stiavnica V4 op"]
[Site "Banska Stiavnica"]
[Date "2018.07.07"]
[Round "1"]
[White "Komlosi, Frantisek"]
[Black "Molnar, Erno"]
[Result "0-1"]
[WhiteElo "1861"]
[BlackElo "2231"]
[PlyCount "86"]
[EventDate "2018.07.07"]
[EventType "swiss"]
[EventRounds "9"]
[EventCountry "SVK"]
[SourceTitle "CBM 185 Extra"]
[Source "ChessBase"]
[SourceDate "2018.07.29"]
[SourceVersion "1"]
[SourceVersionDate "2018.07.29"]
[SourceQuality "1"]

1. d4 Nf6 2. c4 g6 3. Nf3 Bg7 4. g3 d5 5. cxd5 Nxd5 6. Bg2 0-0 7. 0-0 Nc6 8. Na3 Nb6 9. e3 Bf5 10. Nh4 Be6 11. Bd2 Bd5 12. Bc3 Bxg2 13. Nxg2 Nd5 14. Qb3 Nxc3 15. bxc3 Na5 16. Qa4 b6 17. Rab1 e6 18. Rfd1 Qe7 19. Nc4 Nxc4 20. Qxc4 c5 21. Nf4 cxd4 22. cxd4 Rfc8 23. Qa6 Rc3 24. a4 Rd8 25. Rdc1 Ra3 26. Rc8 Rf8 27. Rbc1 Qd7 28. R8c4 Bf6 29. h4 e5 30. Ne2 Kg7 31. Kg2 Qd5+ 32. Kg1 Qd7 33. dxe5 Bxe5 34. Nd4 Ra2 35. Nc2 Qd2 36. Rf1 Rxc2 37. Rxc2 Qxc2 38. Qxa7 Qc7 39. Qa6 Rd8 40. Qe2 Qc6 41. Qg4 h5 42. Qb4 Ra8 43. Qe7 Bf6 0-1

[Event "Banska Stiavnica V4 op"]
[Site "Banska Stiavnica"]
[Date "2017.07.12"]
[Round "5"]
[White "Bednar, Jan"]
[Black "Komlosi, Frantisek"]
[Result "1-0"]
[WhiteElo "2058"]
[BlackElo "1858"]
[PlyCount "55"]
[EventDate "2017.07.08"]
[EventType "swiss"]
[EventRounds "9"]
[EventCountry "SVK"]
[SourceTitle "CBM 179 Extra"]
[Source "ChessBase"]
[SourceDate "2017.08.23"]
[SourceVersion "1"]
[SourceVersionDate "2017.08.23"]
[SourceQuality "1"]

1. e4 c6 2. d4 d5 3. exd5 cxd5 4. Bd3 Nf6 5. c3 e6 6. Bf4 Bd6 7. Bxd6 Qxd6 8. Nf3 Nbd7 9. 0-0 0-0 10. Nbd2 e5 11. dxe5 Nxe5 12. Nxe5 Qxe5 13. Nf3 Qh5 14. h3 Bd7 15. Nd4 Qe5 16. Re1 Qg5 17. Qc1 Qh5 18. Qf4 Rae8 19. Bf5 Bxf5 20. Nxf5 Ne4 21. f3 g5 22. Qe3 Nd6 23. Ne7+ Rxe7 24. Qxe7 Nf5 25. Qf6 Nh4 26. Re5 Ng6 27. Rxg5 Qh6 28. Re1 1-0

[Event "Banska Stiavnica V4 op"]
[Site "Banska Stiavnica"]
[Date "2016.07.02"]
[Round "1"]
[White "Komlosi, Frantisek"]
[Black "Miturova, Magdalena"]
[Result "0-1"]
[WhiteElo "1871"]
[BlackElo "2193"]
[PlyCount "90"]
[EventDate "2016.07.02"]
[EventType "swiss"]
[EventRounds "9"]
[EventCountry "SVK"]
[SourceTitle "CBM 173 Extra"]
[Source "ChessBase"]
[SourceDate "2016.08.29"]
[SourceVersion "1"]
[SourceVersionDate "2016.08.29"]
[SourceQuality "1"]

1. c4 e5 2. Nc3 Nf6 3. g3 d5 4. cxd5 Nxd5 5. Bg2 Nb6 6. Nf3 Nc6 7. 0-0 Be7 8. d3 0-0 9. Bd2 Be6 10. Qc1 f6 11. Rd1 Nd4 12. Re1 c6 13. Be3 Bg4 14. Bxd4 exd4 15. Ne4 Bb4 16. Rf1 f5 17. Ned2 Re8 18. a3 Bf8 19. Re1 Qf6 20. Nc4 Nd5 21. Qc2 Rad8 22. Na5 Rd7 23. Rac1 c5 24. Nb3 b6 25. Qc4 Red8 26. Nbd2 Bh5 27. Qc2 Kh8 28. Nc4 Re7 29. Qd2 h6 30. Qc2 Bf7 31. Qa4 Be8 32. Qd1 Bc6 33. Bh3 Rde8 34. Nh4 Nf4 35. Bg2 Nxe2+ 36. Rxe2 Rxe2 37. Bf1 R2e7 38. Qd2 g5 39. Ng2 Bg7 40. h4 Bxg2 41. hxg5 hxg5 42. Kxg2 f4 43. b4 fxg3 44. bxc5 g4 45. Nd6 Re2 0-1

[Event "Tatry op"]
[Site "Tatranske Zruby"]
[Date "2015.09.29"]
[Round "5"]
[White "Motuz, Karol"]
[Black "Komlosi, Frantisek"]
[Result "1-0"]
[WhiteElo "2343"]
[BlackElo "1819"]
[PlyCount "54"]
[EventDate "2015.09.26"]
[EventType "swiss"]
[EventRounds "9"]
[EventCountry "SVK"]
[SourceTitle "CBM 168 Extra"]
[Source "ChessBase"]
[SourceDate "2015.10.29"]
[SourceVersion "1"]
[SourceVersionDate "2015.10.29"]
[SourceQuality "1"]

1. d4 Nf6 2. c4 e6 3. Nf3 Bb4+ 4. Bd2 Be7 5. g3 0-0 6. Bg2 d5 7. 0-0 c6 8. Qc2 Nbd7 9. Bf4 dxc4 10. Qxc4 Nd5 11. Bd2 Re8 12. e4 N5b6 13. Qc2 Bd6 14. e5 Be7 15. Nc3 Nd5 16. Ne4 b6 17. Qxc6 Ba6 18. Rfc1 Nf8 19. a3 Bd3 20. Ne1 Bxe4 21. Bxe4 Rc8 22. Qb7 Qd7 23. Qxd7 Nxd7 24. Nd3 Nb8 25. Bxd5 exd5 26. Nf4 Bg5 27. Nxd5 Bd8 1-0

[Event "SVK-ch op"]
[Site "Banska Stiavnica"]
[Date "2015.07.12"]
[Round "9"]
[White "Komlosi, Frantisek"]
[Black "Panko, Radoslav"]
[Result "0-1"]
[WhiteElo "1828"]
[BlackElo "1972"]
[PlyCount "68"]
[EventDate "2015.07.04"]
[EventType "swiss"]
[EventRounds "9"]
[EventCountry "SVK"]
[SourceTitle "CBM 167 Extra"]
[Source "ChessBase"]
[SourceDate "2015.09.14"]
[SourceVersion "1"]
[SourceVersionDate "2015.09.14"]
[SourceQuality "1"]

1. e4 d6 2. d4 Nf6 3. Nc3 c6 4. f4 Qa5 5. Bd2 e5 6. Nd5 Qd8 7. Nxf6+ Qxf6 8. fxe5 Qh4+ 9. Ke2 Qxe4+ 10. Be3 dxe5 11. Kf2 exd4 12. Bxd4 Be7 13. Nf3 0-0 14. Bd3 Qd5 15. c4 Qh5 16. Re1 Bc5 17. Bxc5 Qxc5+ 18. Kf1 Nd7 19. Qc2 Nf6 20. Re5 Qb6 21. Ng5 g6 22. Rae1 Ng4 23. c5 Qc7 24. Qc3 Nxe5 25. Rxe5 f6 26. Bc4+ Kh8 27. Re4 Qg7 28. Re8 Rxe8 29. Nf7+ Kg8 30. Ng5+ Kf8 31. Nxh7+ Ke7 32. Qe1+ Kd8 33. Qh4 Bd7 34. Nxf6 Rf8 0-1

[Event "SVK-ch op"]
[Site "Banska Stiavnica"]
[Date "2015.07.10"]
[Round "7"]
[White "Komlosi, Frantisek"]
[Black "Drugda, Milos"]
[Result "0-1"]
[WhiteElo "1828"]
[BlackElo "1985"]
[PlyCount "88"]
[EventDate "2015.07.04"]
[EventType "swiss"]
[EventRounds "9"]
[EventCountry "SVK"]
[SourceTitle "CBM 167 Extra"]
[Source "ChessBase"]
[SourceDate "2015.09.14"]
[SourceVersion "1"]
[SourceVersionDate "2015.09.14"]
[SourceQuality "1"]

1. c4 Nf6 2. d4 g6 3. Nf3 Bg7 4. Nc3 d6 5. Bg5 h6 6. Bh4 g5 7. Bg3 Nh5 8. e3 Bf5 9. Bd3 Bxd3 10. Qxd3 c6 11. 0-0 Nxg3 12. fxg3 e6 13. Rac1 0-0 14. g4 Nd7 15. Ne4 d5 16. Ng3 dxc4 17. Rxc4 Qa5 18. Qb3 Qc7 19. Rc2 Nf6 20. Qd3 Nxg4 21. Nh5 f5 22. h3 Nf6 23. Nxf6+ Bxf6 24. Ne1 Rad8 25. Qc4 Qd6 26. Rxf5 Kg7 27. Rf1 e5 28. Nf3 exd4 29. exd4 Bxd4+ 30. Kh1 Qf4 31. Qe6 Qf6 32. Qg4 Qf5 33. Qxf5 Rxf5 34. Rd1 Bf6 35. Rxd8 Bxd8 36. Rd2 Rd5 37. Rxd5 cxd5 38. Kg1 Kf6 39. Kf2 Bb6+ 40. Ke2 Kf5 41. Nh2 Bd4 42. b3 Kf4 43. Nf1 h5 44. Kd3 Be5 0-1

[Event "SVK-ch op"]
[Site "Banska Stiavnica"]
[Date "2015.07.08"]
[Round "5"]
[White "Komlosi, Frantisek"]
[Black "Panko, Eduard1111"]
[Result "1-0"]
[WhiteElo "1828"]
[BlackElo "1531"]
[PlyCount "51"]
[EventDate "2015.07.04"]
[EventType "swiss"]
[EventRounds "9"]
[EventCountry "SVK"]
[SourceTitle "CBM 167 Extra"]
[Source "ChessBase"]
[SourceDate "2015.09.14"]
[SourceVersion "1"]
[SourceVersionDate "2015.09.14"]
[SourceQuality "1"]

1. c4 Nf6 2. d4 e5 3. e3 exd4 4. exd4 d6 5. Nf3 Nc6 6. Be2 g6 7. 0-0 Bg7 8. Nc3 0-0 9. Bg5 Re8 10. Qd2 Bg4 11. h3 Rxe2 12. Nxe2 Ne4 13. hxg4 Nxd2 14. Bxd8 Nxf3+ 15. gxf3 Rxd8 16. Rfd1 Re8 17. Kf1 Kf8 18. a3 Na5 19. Rac1 Bh6 20. Rc3 Bg7 21. b4 Nc6 22. Re3 Rd8 23. f4 b6 24. d5 Ne7 25. Nd4 f5 26. Ne6+ 1-0

[Event "SVK-ch op"]
[Site "Banska Stiavnica"]
[Date "2015.07.05"]
[Round "2"]
[White "Majerova, Veronika"]
[Black "Komlosi, Frantisek"]
[Result "0-1"]
[WhiteElo "1457"]
[BlackElo "1828"]
[PlyCount "62"]
[EventDate "2015.07.04"]
[EventType "swiss"]
[EventRounds "9"]
[EventCountry "SVK"]
[SourceTitle "CBM 167 Extra"]
[Source "ChessBase"]
[SourceDate "2015.09.14"]
[SourceVersion "1"]
[SourceVersionDate "2015.09.14"]
[SourceQuality "1"]

1. d4 Nf6 2. Nf3 g6 3. Bf4 Bg7 4. e3 0-0 5. c4 c5 6. Nc3 d6 7. Bd3 Na6 8. a3 Nh5 9. Bg5 Bg4 10. Nd5 Nf6 11. Bxf6 exf6 12. 0-0 f5 13. Be2 Re8 14. h3 Bh5 15. Re1 Nc7 16. Nf4 Bxf3 17. Bxf3 Rb8 18. Qd2 Bh6 19. Rad1 Qe7 20. dxc5 dxc5 21. Qd7 Qxd7 22. Rxd7 Bxf4 23. Red1 Be5 24. Bd5 Nxd5 25. R1xd5 Bxb2 26. Rxc5 Bxa3 27. Rcc7 Red8 28. Rxd8+ Rxd8 29. Rxb7 Bc5 30. Rb5 Bb6 31. c5 Rd5 0-1

[Event "SVK-chT2B 1314"]
[Site "Slovakia"]
[Date "2014.02.23"]
[Round "9.5"]
[White "Komlosi, Frantisek"]
[Black "Urbanic, Martin"]
[Result "1/2-1/2"]
[WhiteElo "1908"]
[BlackElo "1910"]
[PlyCount "30"]
[EventDate "2013.10.19"]
[EventType "team-tourn"]
[EventRounds "11"]
[EventCountry "SVK"]
[SourceTitle "EXT 2015"]
[Source "ChessBase"]
[SourceDate "2014.11.20"]
[SourceVersion "1"]
[SourceVersionDate "2014.11.20"]
[SourceQuality "1"]
[WhiteTeam "Topolcianky"]
[BlackTeam "Povazska Bystrica III"]
[WhiteTeamCountry "SVK"]
[BlackTeamCountry "SVK"]

1. d4 d5 2. Nf3 Nf6 3. c4 e6 4. Nc3 c6 5. e3 Bd6 6. Bd3 0-0 7. 0-0 Nbd7 8. Bd2 dxc4 9. Bxc4 e5 10. Qc2 h6 11. Bb3 Kh8 12. Rad1 Qe7 13. dxe5 Nxe5 14. Nxe5 Bxe5 15. f3 Be6 1/2-1/2

[Event "Piestany op"]
[Site "Piestany"]
[Date "2013.11.22"]
[Round "6"]
[White "Curidlo, Jan1111"]
[Black "Komlosi, Frantisek"]
[Result "0-1"]
[WhiteElo "1852"]
[BlackElo "1907"]
[PlyCount "132"]
[EventDate "2013.11.18"]
[EventType "swiss"]
[EventRounds "7"]
[EventCountry "SVK"]
[SourceTitle "CBM 157 Extra"]
[Source "ChessBase"]
[SourceDate "2013.12.19"]
[SourceVersion "1"]
[SourceVersionDate "2013.12.19"]
[SourceQuality "1"]

1. e4 d6 2. d4 Nf6 3. Nc3 g6 4. Nf3 Bg7 5. Be2 0-0 6. h3 a6 7. Be3 b6 8. 0-0 Bb7 9. Bd3 d5 10. e5 Ne4 11. Ne2 c5 12. c3 Nc6 13. Rc1 c4 14. Bb1 f6 15. exf6 Nxf6 16. Ng5 Qd7 17. Nf4 Nd8 18. Re1 Ne4 19. Nxe4 dxe4 20. b3 Nf7 21. d5 Ng5 22. bxc4 Be5 23. Ne6 Nxe6 24. dxe6 Qxe6 25. Qb3 Bc7 26. Rcd1 Bc6 27. Rd2 b5 28. cxb5 Qxb3 29. axb3 axb5 30. Bc5 Rfe8 31. Bxe4 Bxe4 32. Rd7 Bd6 33. Bxd6 exd6 34. Rxd6 Bc2 35. Rxe8+ Rxe8 36. c4 b4 37. Rb6 Bxb3 38. Rxb4 Bc2 39. c5 Rc8 40. Rc4 Bd3 41. Rc3 Be4 42. f3 Bc6 43. Kf2 Kf7 44. g4 Kf6 45. Kg3 Ke5 46. h4 Kd4 47. Rc1 Rf8 48. f4 Ra8 49. h5 gxh5 50. gxh5 Rg8+ 51. Kh2 Ke4 52. Rd1 Kxf4 53. Rd6 Rc8 54. Rh6 Be4 55. Rd6 Rxc5 56. h6 Rh5+ 57. Kg1 Bg6 58. Kf2 Rh2+ 59. Ke1 Rxh6 60. Rf6+ Ke5 61. Rb6 Rh2 62. Rb5+ Kd4 63. Rb3 Bd3 64. Rb8 Ke3 65. Re8+ Be4 66. Rf8 Ra2 0-1

[Event "Piestany op"]
[Site "Piestany"]
[Date "2013.11.20"]
[Round "4"]
[White "Milovnik, Juraj"]
[Black "Komlosi, Frantisek"]
[Result "1/2-1/2"]
[WhiteElo "2001"]
[BlackElo "1907"]
[PlyCount "57"]
[EventDate "2013.11.18"]
[EventType "swiss"]
[EventRounds "7"]
[EventCountry "SVK"]
[SourceTitle "CBM 157 Extra"]
[Source "ChessBase"]
[SourceDate "2013.12.19"]
[SourceVersion "1"]
[SourceVersionDate "2013.12.19"]
[SourceQuality "1"]

1. c4 Nf6 2. Nc3 g6 3. g3 Bg7 4. Bg2 0-0 5. d4 d6 6. Nf3 Nbd7 7. 0-0 Re8 8. Re1 c6 9. h3 e5 10. e4 Qc7 11. Be3 exd4 12. Nxd4 Ne5 13. b3 Ned7 14. Rc1 Nc5 15. Qc2 Ne6 16. Rcd1 Nxd4 17. Bxd4 Be6 18. e5 dxe5 19. Bxe5 Qa5 20. f4 Bf5 21. Qb2 Qc5+ 22. Kh2 Nh5 23. b4 Qxc4 24. Bf1 Qe6 25. Bxg7 Qxe1 26. Rxe1 Rxe1 27. Be5 Rxf1 28. Kg2 Bd3 29. Ne2 1/2-1/2

[Event "SVK-chT2B 1314"]
[Site "Slovakia"]
[Date "2013.10.19"]
[Round "1.6"]
[White "Mikus, Teodor"]
[Black "Komlosi, Frantisek"]
[Result "1-0"]
[WhiteElo "1917"]
[BlackElo "1908"]
[PlyCount "99"]
[EventDate "2013.10.19"]
[EventType "team-tourn"]
[EventRounds "11"]
[EventCountry "SVK"]
[SourceTitle "EXT 2015"]
[Source "ChessBase"]
[SourceDate "2014.11.20"]
[SourceVersion "1"]
[SourceVersionDate "2014.11.20"]
[SourceQuality "1"]
[WhiteTeam "Prievidza II"]
[BlackTeam "Topolcianky"]
[WhiteTeamCountry "SVK"]
[BlackTeamCountry "SVK"]

1. e4 d6 2. d4 g6 3. Nf3 Nf6 4. Nc3 Bg7 5. Bg5 0-0 6. Qd2 Re8 7. Bc4 c6 8. a3 Bg4 9. 0-0 Bxf3 10. gxf3 Nbd7 11. Rad1 Qc7 12. Bb3 Rad8 13. Rfe1 e5 14. d5 Nc5 15. Ba2 a5 16. b4 axb4 17. axb4 Na6 18. Rb1 c5 19. b5 Nb8 20. b6 Qd7 21. Bc4 Qh3 22. Qe3 h6 23. Bf1 Qh5 24. Bxf6 Bxf6 25. Ra1 Bg5 26. Qe2 Bf4 27. Bg2 Bxh2+ 28. Kf1 Bf4 29. Ra7 Re7 30. Rea1 Qg5 31. Nb5 Kg7 32. Nc7 Nd7 33. Rxb7 Nxb6 34. Raa7 Nc8 35. Ra8 Bh2 36. Qd1 h5 37. Bh3 h4 38. Rxc8 Rxc8 39. Bxc8 Rxc7 40. Rxc7 Qd8 41. Rc6 Bf4 42. Bh3 Qb8 43. Kg2 Kh6 44. Rc8 Qb4 45. Rc7 f6 46. Rd7 Qb6 47. Qa1 Kg5 48. Qd1 Qb8 49. Rh7 Qb6 50. Kh1 1-0

[Event "Tatry op"]
[Site "Tatranske Zruby"]
[Date "2013.10.02"]
[Round "5"]
[White "Komlosi, Frantisek"]
[Black "Paniez, Fabien"]
[Result "1-0"]
[WhiteElo "1908"]
[BlackElo "1000"]
[PlyCount "87"]
[EventDate "2013.09.29"]
[EventType "swiss"]
[EventRounds "9"]
[EventCountry "SVK"]
[SourceTitle "EXT 2023"]
[Source "ChessBase"]
[SourceDate "2022.10.05"]
[SourceVersion "1"]
[SourceVersionDate "2022.10.05"]
[SourceQuality "1"]

1. d4 d5 2. Nf3 Bf5 3. c4 e6 4. Nc3 Nf6 5. Bg5 Be7 6. e3 Ne4 7. Bxe7 Qxe7 8. Qb3 b6 9. cxd5 Nxc3 10. bxc3 0-0 11. dxe6 Bxe6 12. Bc4 Bxc4 13. Qxc4 Qd6 14. 0-0 Nd7 15. Rfe1 Kh8 16. e4 c5 17. e5 Qe6 18. d5 Qf5 19. Rad1 Rfe8 20. e6 fxe6 21. dxe6 Nf8 22. Rd5 Qf6 23. Rde5 Ng6 24. R5e4 Rad8 25. h4 h6 26. h5 Ne7 27. Ne5 Rd2 28. Rf4 Nf5 29. Nf7+ Kg8 30. Qe4 Qxc3 31. Rxf5 Rd4 32. Qe5 Kh7 33. Rf3 Qd2 34. Rg3 Rg8 35. e7 Rf4 36. Rf3 Rxf3 37. gxf3 Re8 38. Re4 Qxa2 39. Qf5+ Kg8 40. Nxh6+ Kh8 41. Nf7+ Kg8 42. Ng5 Qa1+ 43. Kg2 g6 44. Qe6+ 1-0

[Event "Piestany op"]
[Site "Piestany"]
[Date "2012.11.15"]
[Round "4"]
[White "Vrbova, Niki"]
[Black "Komlosi, Frantisek"]
[Result "1-0"]
[WhiteElo "2200"]
[BlackElo "1914"]
[PlyCount "77"]
[EventDate "2012.11.12"]
[EventType "swiss"]
[EventRounds "8"]
[EventCountry "SVK"]
[SourceTitle "EXT 2023"]
[Source "ChessBase"]
[SourceDate "2022.10.05"]
[SourceVersion "1"]
[SourceVersionDate "2022.10.05"]
[SourceQuality "1"]

1. e4 d6 2. Nf3 Nf6 3. d3 c5 4. g3 Nc6 5. Bg2 Bg4 6. h3 Bd7 7. 0-0 Qc8 8. Kh2 e6 9. Nbd2 Be7 10. c3 0-0 11. Qe2 e5 12. a4 Rb8 13. Nc4 Qc7 14. Nh4 Ne8 15. Nf5 Bxf5 16. exf5 Rd8 17. Ne3 Qd7 18. g4 Nc7 19. Nd5 Nxd5 20. Bxd5 Bh4 21. Qe4 Qe7 22. a5 Nb8 23. Qg2 Bg5 24. Bxb7 Nd7 25. Re1 Bxc1 26. Raxc1 Qg5 27. Qg3 Rb8 28. a6 Nf6 29. Qe3 Qh4 30. Rg1 h5 31. gxh5 Qxh5 32. Rg5 Qh6 33. Rcg1 Nh5 34. Rxg7+ Qxg7 35. Rxg7+ Nxg7 36. f6 Ne6 37. Qg3+ Kh8 38. Qh4+ Kg8 39. Be4 1-0

[Event "Piestany op"]
[Site "Piestany"]
[Date "2012.11.12"]
[Round "1"]
[White "Komlosi, Frantisek"]
[Black "Petran, Peter"]
[Result "0-1"]
[WhiteElo "1914"]
[BlackElo "2287"]
[PlyCount "44"]
[EventDate "2012.11.12"]
[EventType "swiss"]
[EventRounds "8"]
[EventCountry "SVK"]
[SourceTitle "EXT 2023"]
[Source "ChessBase"]
[SourceDate "2022.10.05"]
[SourceVersion "1"]
[SourceVersionDate "2022.10.05"]
[SourceQuality "1"]

1. d4 g6 2. Nf3 Bg7 3. c4 d6 4. Nc3 Bg4 5. h3 Bxf3 6. exf3 c6 7. Be3 e6 8. Qd2 d5 9. h4 h5 10. Bg5 Ne7 11. cxd5 cxd5 12. Bb5+ Kf8 13. 0-0 a6 14. Ba4 b5 15. Bb3 Nbc6 16. Rfe1 Qb6 17. Rad1 Nf5 18. Ne2 Kg8 19. Bc2 Ncxd4 20. Nf4 Kh7 21. Bxf5 Nxf5 22. Nh3 Rac8 0-1

[Event "Tatry op"]
[Site "Tatranske Zruby"]
[Date "2012.09.27"]
[Round "6"]
[White "Komlosi, Frantisek"]
[Black "Mackova, Veronika"]
[Result "1-0"]
[WhiteElo "1924"]
[BlackElo "1643"]
[PlyCount "97"]
[EventDate "2012.09.23"]
[EventType "swiss"]
[EventRounds "9"]
[EventCountry "SVK"]
[SourceTitle "EXT 2023"]
[Source "ChessBase"]
[SourceDate "2022.10.05"]
[SourceVersion "1"]
[SourceVersionDate "2022.10.05"]
[SourceQuality "1"]

1. e4 d6 2. d4 Nf6 3. Nc3 g6 4. Bc4 c6 5. Nf3 b5 6. Bb3 b4 7. Ng5 e6 8. e5 dxe5 9. dxe5 Qxd1+ 10. Nxd1 Nd5 11. 0-0 Ba6 12. Re1 Bg7 13. a3 bxa3 14. Rxa3 0-0 15. Ba2 Nb4 16. Bb1 Rd8 17. Nc3 Bf8 18. Nce4 Nd5 19. Rf3 Rd7 20. Ba2 Bg7 21. Nc5 Re7 22. Ra3 Bc8 23. Rh3 h5 24. f4 Nd7 25. Nce4 Bh6 26. Nd6 Bxg5 27. fxg5 Nc5 28. Ra3 Nb7 29. Nxc8 Rxc8 30. Rxa7 Nc5 31. Ra5 Nb7 32. Ra7 Nc5 33. Rxe7 Nxe7 34. Bd2 Rb8 35. b4 Nd7 36. Bc4 Nb6 37. Bf1 Nbd5 38. Rb1 c5 39. b5 Nf5 40. c4 Nde3 41. Be2 Nc2 42. Kf2 Nfd4 43. Bd3 Nb4 44. Bxb4 cxb4 45. Rxb4 Nc6 46. bxc6 Rxb4 47. c7 Rb2+ 48. Kf3 Ra2 49. c8Q+ 1-0

[Event "Tatry op"]
[Site "Tatranske Zruby"]
[Date "2012.09.25"]
[Round "3"]
[White "Orosi, Peter"]
[Black "Komlosi, Frantisek"]
[Result "1-0"]
[WhiteElo "2041"]
[BlackElo "1924"]
[PlyCount "83"]
[EventDate "2012.09.23"]
[EventType "swiss"]
[EventRounds "9"]
[EventCountry "SVK"]
[SourceTitle "CBM 150 Extra"]
[Source "ChessBase"]
[SourceDate "2012.10.19"]
[SourceVersion "1"]
[SourceVersionDate "2012.10.19"]
[SourceQuality "1"]

1. e4 c5 2. Nf3 d6 3. Nc3 Nf6 4. e5 dxe5 5. Nxe5 Qc7 6. Nc4 a6 7. a4 Nc6 8. h3 Bf5 9. d3 e6 10. g3 Be7 11. Bg2 0-0 12. 0-0 Rad8 13. Re1 Rd4 14. Be3 Rd7 15. Bf4 Qd8 16. Bxc6 bxc6 17. Ne5 Rb7 18. Nxc6 Qd7 19. Nxe7+ Qxe7 20. g4 Bg6 21. b3 Qd7 22. Be5 Ne8 23. Qf3 Rb4 24. Qe3 Qc6 25. Nb1 f6 26. Bc3 e5 27. Bxb4 cxb4 28. c3 Nc7 29. cxb4 Ne6 30. Nd2 Nf4 31. Ne4 Rd8 32. Rac1 Qb7 33. Rc3 h5 34. Rec1 f5 35. gxf5 Bxf5 36. Kh2 Nd5 37. Qf3 Nxc3 38. Nf6+ gxf6 39. Qxb7 Ne2 40. Rc7 Nf4 41. Rg7+ Kh8 42. Qe7 1-0

[Event "Tatry op"]
[Site "Tatranske Zruby"]
[Date "2012.09.23"]
[Round "1"]
[White "Zemlicka, Vit"]
[Black "Komlosi, Frantisek"]
[Result "1-0"]
[WhiteElo "2017"]
[BlackElo "1924"]
[PlyCount "47"]
[EventDate "2012.09.23"]
[EventType "swiss"]
[EventRounds "9"]
[EventCountry "SVK"]
[SourceTitle "CBM 150 Extra"]
[Source "ChessBase"]
[SourceDate "2012.10.19"]
[SourceVersion "1"]
[SourceVersionDate "2012.10.19"]
[SourceQuality "1"]

1. e4 c5 2. Nf3 d6 3. d4 cxd4 4. Nxd4 Nf6 5. Nc3 g6 6. Be3 Bg7 7. f3 0-0 8. Bc4 Nc6 9. Qd2 Bd7 10. 0-0-0 Rc8 11. Bb3 Ne5 12. Kb1 Re8 13. g4 Nc4 14. Bxc4 Rxc4 15. h4 h5 16. gxh5 Nxh5 17. Rhg1 Qa5 18. Rg5 Qb4 19. a3 Qb6 20. Nd5 Qd8 21. b3 Rc8 22. Rxh5 gxh5 23. Qg2 Kh8 24. Qg5 1-0

[Event "Tatry op"]
[Site "Tatranske Zruby"]
[Date "2009.09.30"]
[Round "5"]
[White "Soural, Jan"]
[Black "Komlosi, Frantisek"]
[Result "1-0"]
[WhiteElo "2194"]
[BlackElo "1947"]
[PlyCount "105"]
[EventDate "2009.09.27"]
[EventType "swiss"]
[EventRounds "9"]
[EventCountry "SVK"]
[SourceTitle "EXT 2011"]
[Source "ChessBase"]
[SourceDate "2010.11.26"]
[SourceVersion "1"]
[SourceVersionDate "2010.11.26"]
[SourceQuality "1"]

1. d4 Nf6 2. Nf3 g6 3. c4 Bg7 4. Nc3 d5 5. cxd5 Nxd5 6. e4 Nxc3 7. bxc3 0-0 8. Be2 c5 9. Rb1 cxd4 10. cxd4 Nc6 11. d5 Ne5 12. Nxe5 Bxe5 13. 0-0 Bg7 14. f4 b6 15. a4 Bd7 16. Ba3 Re8 17. Bb5 Bxb5 18. axb5 a6 19. Qd3 axb5 20. Rxb5 Qd7 21. Bb2 Bxb2 22. Rxb2 Qd6 23. Qd4 Reb8 24. e5 Qd7 25. Rd1 b5 26. Qc5 Qg4 27. Rf1 Qd7 28. Rfb1 Rc8 29. Qxb5 Qa7+ 30. Qb6 Qa4 31. Qb4 Qa7+ 32. Qb6 Qa4 33. e6 Qxf4 34. Rf1 Rc1 35. exf7+ Kg7 36. Rbf2 Rxf1+ 37. Rxf1 Qe5 38. Qe6 Qd6 39. h4 Rf8 40. Rf3 Qc5+ 41. Kh2 Qc7+ 42. Kh3 Qd6 43. h5 Qxe6+ 44. dxe6 g5 45. Kg4 h6 46. Kf5 Ra8 47. Ke5 Ra5+ 48. Ke4 Kf8 49. Rd3 Ra8 50. Rd7 Kg7 51. Rxe7 Ra4+ 52. Kd5 Rf4 53. Re8 1-0

[Event "Nove Zamky op"]
[Site "Nove Zamky"]
[Date "2008.08.07"]
[Round "2"]
[White "Komlosi, Frantisek"]
[Black "Gulbis, Adrian"]
[Result "1-0"]
[WhiteElo "1906"]
[BlackElo "2061"]
[PlyCount "121"]
[EventDate "2008.08.06"]
[EventType "swiss"]
[EventRounds "7"]
[EventCountry "SVK"]
[SourceTitle "EXT 2010"]
[Source "ChessBase"]
[SourceDate "2010.11.25"]
[SourceVersion "1"]
[SourceVersionDate "2010.11.25"]
[SourceQuality "1"]

1. c4 c5 2. Nc3 Nc6 3. g3 g6 4. Bg2 Bg7 5. Nf3 Nf6 6. 0-0 0-0 7. e3 d6 8. h3 Be6 9. d3 h6 10. e4 Qd7 11. Kh2 Nh7 12. Ng1 Rfe8 13. Be3 Nf6 14. f4 Qc8 15. Qd2 Kh7 16. Rf2 Ng8 17. Raf1 Nd4 18. Nd5 Bxd5 19. exd5 Nf5 20. Re2 Nxe3 21. Rxe3 Qd7 22. b3 b6 23. Ree1 Qf5 24. Nf3 Qf6 25. Re4 Qb2 26. Qxb2 Bxb2 27. Re2 Bc3 28. Rd1 a5 29. a4 Nf6 30. d4 Kg7 31. dxc5 bxc5 32. Rd3 Bb4 33. Rde3 Ng8 34. Nh4 Rab8 35. Be4 Rb7 36. Bc2 Reb8 37. Nf3 Ba3 38. Kg2 Bc1 39. Rd3 Kf8 40. Kf1 Nf6 41. Rd1 Bb2 42. Rd3 Ne8 43. Nh4 Bf6 44. Nf3 Nc7 45. Bd1 Na6 46. Nd2 Nb4 47. Rf3 Bd4 48. Nb1 Kg7 49. Na3 Bf6 50. Nb5 Rh8 51. g4 g5 52. fxg5 hxg5 53. Kg2 Rhb8 54. Ref2 Rf8 55. Nxd6 exd6 56. Rxf6 Nd3 57. R2f3 Nf4+ 58. R3xf4 gxf4 59. Rxf4 Re8 60. Rf3 Re1 61. Rd3 1-0

[Event "SVK-ch op-B"]
[Site "Zvolen"]
[Date "2008.07.12"]
[Round "8"]
[White "Komlosi, Frantisek"]
[Black "Lengyel, Laszlo"]
[Result "1-0"]
[WhiteElo "1906"]
[BlackElo "2152"]
[PlyCount "95"]
[EventDate "2008.07.06"]
[EventType "swiss"]
[EventRounds "9"]
[EventCountry "SVK"]
[SourceTitle "EXT 2009"]
[Source "ChessBase"]
[SourceDate "2008.11.26"]
[SourceVersion "1"]
[SourceVersionDate "2008.11.26"]
[SourceQuality "1"]

1. Nf3 c5 2. c4 Nf6 3. Nc3 Nc6 4. g3 e5 5. Bg2 d6 6. d3 h6 7. 0-0 Be6 8. a3 Qd7 9. Qb3 Be7 10. Nd5 0-0 11. Nxf6+ Bxf6 12. e4 Rab8 13. Qc2 g5 14. Qd2 Bg7 15. Rb1 f5 16. exf5 Bxf5 17. b4 b6 18. Bb2 Rbe8 19. b5 Ne7 20. Ne1 d5 21. cxd5 Nxd5 22. Nc2 Rd8 23. Rbd1 Qxb5 24. Ba1 Ne7 25. Ne3 Bxd3 26. Rfe1 c4 27. Qc3 Qb3 28. Qc1 b5 29. Bc3 e4 30. Bxg7 Kxg7 31. h4 gxh4 32. gxh4 Ng8 33. Ng4 Rde8 34. Qe3 Qxa3 35. Qd4+ Nf6 36. Ra1 Qb4 37. Rxa7+ Re7 38. Rea1 Kg6 39. R1a6 Ref7 40. Qe3 Rh7 41. h5+ Kf5 42. Nxf6 Rxf6 43. Rxf6+ Kxf6 44. Qf4+ Ke6 45. Bh3+ Kd5 46. Qf5+ Kd4 47. Qf6+ Kc5 48. Qf8+ 1-0